000 00299nam a22001337a 4500
008 170831b xxu||||| |||| 00| 0 eng d
020 _a9780155085527
041 _aeng
080 _a070
100 _a40
101 _aMED
245 _aCOMMUNICATIONIN FILM III
_cPROCTOR.R.F
942 _2udc
_cBK
999 _c25839
_d25839